Cloning and expression of 3-hydroxy -3-methyglutaryl-Coa reductase 1(Hmgr 1) from Hevea brasiliensis (Record no. 50009)

MARC details
000 -LEADER
fixed length control field 00595nam a2200157Ia 4500
100 ## - MAIN ENTRY--AUTHOR NAME
Personal name Ambily P K
245 #0 - TITLE STATEMENT
Title Cloning and expression of 3-hydroxy -3-methyglutaryl-Coa reductase 1(Hmgr 1) from Hevea brasiliensis
260 ## - PUBLICATION, DISTRIBUTION, ETC. (IMPRINT)
Name of publisher IRC 2012. International Rubber Conference, 28-31 October 2012, Kovalam, India, Rubber Research Institute of India, Kottayam and IRRDB, Malaysia: Abstracts. pp.97-98
650 ## - SUBJECT ADDED ENTRY--TOPICAL TERM
Topical Term Cloning
700 ## - ADDED ENTRY--PERSONAL NAME
Personal name Annamalainathan K
700 ## - ADDED ENTRY--PERSONAL NAME
Personal name Krishnakumar R
700 ## - ADDED ENTRY--PERSONAL NAME
Personal name Sathik M B M
700 ## - ADDED ENTRY--PERSONAL NAME
Personal name Thomas M
942 ## - ADDED ENTRY ELEMENTS (KOHA)
Koha item type Bibliography STAF
Holdings
Withdrawn status Lost status Damaged status Not for loan Home library Current library Shelving location Date acquired Koha item type
      Bibliography RRII Library RRII Library Molecular biology 16/04/2013 Bibliography STAF